Statistics for Great Lakes in Order of Area

Click here to take the quiz!

General Stats

  • This quiz has been taken 31 times
  • The average score is 4 of 5

Answer Stats

Area (sq. mi)Great Lake% Correct
31,200Lake Superior
92%
23,012Lake Huron
88%
22,394Lake Michigan
88%
9,940Lake Erie
83%
7,320Lake Ontario
75%

Score Distribution

Percentile by Number Answered

Percent of People with Each Score

Your Score History

You have not taken this quiz